000 01105nas a2200349 4500
001 BR2012009532
003 BR-BrBNA
005 20231205121655.0
007 ta
008 230509b bl.|||p| |||| 00| 00por d
040 _aBR-BrBNA
_bpor
_cBiblioteca Nacional de Agricultura
041 _a(Pt)
072 _aL74; L70
100 1 _aMaia, L.
100 1 _aSouza, M.V. de
100 1 _aAlves, G.E.S.
100 1 _aJúnior, J.I.R.
100 1 _aOliveira, A.C. de
100 1 _aZandim, B.M.
100 1 _aSilva, Y.F.R.S. da
245 1 _aPlasma rico em plaquetas no tratamento de tendinite induzida em eqüinos: avaliação ultra-sonográfica
246 1 _aPlatelet-rich plasma in the treatment of induced tendinitis in equines: Ultrasonographic evaluation
650 _aEQUINO
650 _aTENDÃO
650 _aLESÃO
650 _aTRATAMENTO
650 _aPLASMA
650 _aULTRA-SOM
773 0 _tPesquisa Veterinária Brasileira (Brazil)
_xISSN 0100-736X
_g(Mar 2009), v. 29(3) p. 241-245
_wBR2012009532
909 _a202311
_bLúcia
_c55
_dLúcia Elande
942 _2AGRIS
_n0
_cANA
999 _c224672
_d224672